Biblioteca

Educational research : (Registro nro. 66346)

Detalles MARC
000 -LÍDER
Campo fijo de descripción fija 02234cam a2200445 i 4500
001 - NÚMERO DE CONTROL
Campo de control 768714001
003 - IDENTIFICADOR DEL NÚMERO DE CONTROL
Campo de control CO-MdFUSB
005 - FECHA Y HORA DE LA ULTIMA TRANSACCIÓN
control field 20210405105616.0
007 - CAMPO FIJO DE DESCRIPCIÓN FIJA--INFORMACIÓN GENERAL
Campo fijo de descripción fija ta
008 - ELEMENTOS DE LONGITUD FIJA -- INFORMACIÓN GENERAL
Campo fijo de descripción fija -- Información general 040219t2005 njua b 001 0 eng
010 ## - NÚMERO DE CONTROL DE LA BIBLIOTECA DEL CONGRESO
Número de control LC 2004044918
020 ## - NÚMERO INTERNACIONAL NORMALIZADO PARA LIBROS
Número Internacional Normalizado del libro 013112790X
020 ## - NÚMERO INTERNACIONAL NORMALIZADO PARA LIBROS
Número Internacional Normalizado del libro 9780131127906
020 ## - NÚMERO INTERNACIONAL NORMALIZADO PARA LIBROS
Número Internacional Normalizado del libro 0131293451
Información adicional (pbk.)
020 ## - NÚMERO INTERNACIONAL NORMALIZADO PARA LIBROS
Número Internacional Normalizado del libro 9780131293458
Información adicional (pbk.)
040 ## - FUENTE DE CATALOGACIÓN
Agencia de catalogación original DLC
Idioma de catalogación eng
Agencia que realiza la transcripción CO-MdFUSB
Agencia que realiza la modificación IG#
-- CO-MdFUSB
-- IXA
-- BAKER
-- BTCTA
-- YDXCP
-- TEX
-- ZLM
-- UKM
-- NLGGC
-- AU@
-- DEBBG
-- OCLCF
-- OCLCO
-- OCLCQ
-- OCLCO
-- I8M
-- OCLCO
-- OCLCQ
-- CSJ
-- DHA
-- OCLCQ
-- OCLCA
-- UKMGB
-- OCLCQ
Convenciones de la descripción rda
041 ## - CÓDIGO DE IDIOMA
Código de idioma para texto/pista de sonido o título separado eng
042 ## - AUTHENTICATION CODE
Authentication code pcc
082 ## - NÚMERO DE CLASIFICACIÓN DECIMAL DEWEY
Número de la edición del Dewey 23
Número de clasificación 370.72
Clave de autor-Numero de item C923
100 1# - ASIENTO PRINCIPAL--NOMBRE PERSONAL
Nombre personal Creswell, John W.
Término relacionador autor
245 10 - TÍTULO
Título del Material Educational research :
Parte restante del título - Subtitulo planning, conducting, and evaluating quantitative and qualitative research
Mención de responsabilidad, etc. / John W. Creswell.
250 ## - MENCIÓN DE EDICIÓN
Mención de edición segunda edición
264 #1 - PRODUCCIÓN, PUBLICACIÓN, DISTRIBUCIÓN, MANUFACTURA, Y COPYRIGHT
Lugar de producción, publicación, distribución, manufactura Upper Saddle River, N.J. :
Nombre del productor, publicador, distribuidor Merrill,
Fecha de producción, publicación, distribución, manufactura, o copyright [2005]
264 #4 - PRODUCCIÓN, PUBLICACIÓN, DISTRIBUCIÓN, MANUFACTURA, Y COPYRIGHT
Fecha de producción, publicación, distribución, manufactura, o copyright © 2005
300 ## - DESCRIPCIÓN FÍSICA
Extensión xvi, 623 páginas :
Otros detalles físicos ilustraciones a color ;
Dimensiones 27 cm.
336 ## - TIPO DE CONTENIDO
Término de tipo de contenido texto
Código de tipo de contenido txt
Fuente rdacontent.
337 ## - TIPO DE MEDIO
Nombre del tipo de medio sin mediación
Código del tipo de medio n
Fuente rdamedia.
338 ## - TIPO DE SOPORTE
Nombre del tipo de soporte volumen
Código Tipo de soporte nc
Fuente rdacarrier.
504 ## - NOTA DE BIBLIOGRAFÍA, ETC.
Nota de bibliografía, etc Incluye referencias bibliográficas e índices.
505 ## - NOTA DE CONTENIDO
Nota de contenido con formato preestablecido El proceso de realizar investigaciones - Enfoques cuantitativos y cualitativos - Identificar un problema de investigación - Revisar la literatura - Especificar un propósito y preguntas o hipótesis de investigación - Recopilar datos cuantitativos - Analizar e interpretar datos cuantitativos - Recopilar datos cualitativos - - Análisis e interpretación de datos cualitativos - Informes y evaluación de investigaciones - Diseños experimentales - Diseños correlacionales - Diseños de encuestas - Diseños de teoría fundamentados - Diseños etnográficos - Diseños de investigación narrativa - Diseños de métodos mixtos - Diseños de investigación de acción.
520 ## - NOTA DE RESUMEN, ETC.
Nota de sumario, etc. Investigación educativa: planificación, realización y evaluación de la investigación cuantitativa y cualitativa.
563 ## - NOTA DE ENCUADERNACIÓN
Nota de encuadernación Rústico
650 #0 - ASIENTO SECUNDARIO DE MATERIA - TERMINO TEMÁTICO
Término temático o nombre geográfico como elemento de entrada Educación
9 (RLIN) 984
653 ## - TÉRMINO DE INDIZACIÓN - NO CONTROLADO
Término no controlado Investigación.
942 ## - TIPO DE MATERIAL (KOHA)
Tipo de Item KOHA Libros General
945 ## - INFORMACIÓN LOCAL DEL REGISTRO
Catalogador JTF-925
Existencias
Estado de Material Estado de Perdido Forma de Clasificación Estado de Dañado No para Préstamo Colección Biblioteca de Origen Biblioteca Permanente Fecha de Adquisición Área Total de Préstamos Signatura Topográfica Código de Barras Última vez visto Ejemplar/Existencia Fecha de Remplazo Tipo de Material
    Dewey Decimal Classification     Colección General Biblioteca FUSBC Biblioteca FUSBC 27/06/2020 BIBLIA   G 370.72 C923e 9406 27/06/2020 Ej.1 27/06/2020 Libros General

Biblioteca FUSBC | Teléfono: (57+4) 349 88 10 Ext. 141| WhatsApp (+57) 3005338115 
E-mail: biblioteca@unisbc.edu.co | Calle 76 87-14 Robledo Palenque, Medellín, Colombia

Con tecnología Koha